Estado de Exceȯ̂ & Biopolt̕ica

Detalles Bibliográficos
Autor principal: Soares de Moura Costa Matos, Andityas
Formato: eBook
Lenguaje:portugués
Publicado: Belo Horizonte: Initia Via Editora, 2012
Materias:
Acceso en línea:Acceso restringido

MARC

LEADER 00000nam a22000007a 4500
005 2021042207147.0
007 cr|||| ||||
008 210422s2012 br |||||s|||| 00||0 por d
020 |a 978-85-64912-38-0 
035 |a 33071 
040 |a vLex 
090 |c 11506  |d 11506 
100 1 |a Soares de Moura Costa Matos, Andityas 
245 1 0 |a Estado de Exceȯ̂ & Biopolt̕ica  |h [Recurso electrn̤ico] /  |c Andityas Soares de Moura Costa Matos 
256 |a Servicio en ln̕ea 
260 |a Belo Horizonte:  |b Initia Via Editora,  |c 2012 
300 |a 1 recurso electrn̤ico 
506 1 |a Disponible solo en los productos indicados  |d vLex Global  |d vLex Global (Academic Edition, excluding Law Schools)  |d vLex Global (U.S. Academic Edition, Law Schools)  |d vLex Global (U.S. Academic Edition, excluding Law Schools)  |d vLex Global (Academic Edition, Law Schools) 
650 0 4 |a Ciencias sociales  |z Brasil 
740 0 |a vLex Libros (Servicio en ln̕ea) 
856 4 0 |u https://vlex.com/source/estado-exce-o-biopolitica-33071  |z Acceso restringido 
942 |c BOOK 
999 0 |a Social Sciences